| 000 | 00742nam a2200229Ia 4500 | ||
|---|---|---|---|
| 003 | OSt | ||
| 005 | 20220926030441.0 | ||
| 006 | a|||||r|||| 00| 0 | ||
| 007 | ta | ||
| 008 | 220923b |||||||| |||| 00| 0 eng d | ||
| 037 | _cGeneral Book | ||
| 040 |
_aRTL _cRTL _beng |
||
| 041 |
_2eng _aeng |
||
| 082 | _aX:991.73.N7, M0 | ||
| 100 |
_aLester Richard A. _993001 |
||
| 245 | 0 |
_aReasoning about the discrimination _b The analysis |
|
| 260 |
_aPrinceton _bPrinceton University Press _c1980 |
||
| 300 |
_axv, 384p. Appendix p.299-306; Bibliography p.347-72 _ccm. |
||
| 650 |
_aLabour Market Economics-United States _9251123 |
||
| 942 |
_hX:991.73.N7, M0 _cGB _2CC |
||
| 999 |
_c649796 _d649796 |
||